000 00534nam a2200181Ia 4500
005 20250508151948.0
008 008 250505s9999 xx 000 0 eng d
037 _aTextual
040 _aFEDL
_beng
_cFEDL
041 _aeng
_2eng
084 _a572, THO
_qFEDL
100 _aThomas William L Ed.
_9136100
245 0 _aMan's role in changing the face of the Earth
260 _aChicago, USA
_bThe University of Chicago Press
_c1956
300 _axxxviii,1193p
942 _cTEXL
_h572, THO
999 _c1333240
_d1333240